[Event "FIN-ch (Women)"]
[Site "Helsinki"]
[Date "2024.03.28"]
[Round "7"]
[White "Methmali, Y."]
[Black "Lehtinen, Helja"]
[Result "0-1"]
[WhiteElo "1845"]
[BlackElo "1908"]
[PlyCount "78"]
[EventDate "2024.03.28"]
[EventType "tourn"]
[EventRounds "7"]
[EventCountry "FIN"]
[SourceTitle "CB15_2024"]
[SourceDate "2024.04.10"]
[SourceVersion "1"]
[SourceVersionDate "2024.04.10"]
[SourceQuality "1"]

1. e4 c5 2. Nc3 Nc6 3. g3 g6 4. Bg2 Bg7 5. d3 d6 6. f4 e6 7. Be3 Nge7 8. Nh3 0-0 9. 0-0 b6 10. Qd2 d5 11. Nd1 Bb7 12. g4 d4 13. Bf2 Qd7 14. Be1 f5 15. gxf5 exf5 16. e5 Nd8 17. Qf2 Ne6 18. Qh4 Bxg2 19. Kxg2 Nd5 20. Ng5 Nxg5 21. Qxg5 Nb4 22. Rf2 Rfe8 23. Bxb4 cxb4 24. Kg1 Re6 25. h4 Rc8 26. Qg2 Rec6 27. Rc1 a5 28. b3 b5 29. Re2 Qe7 30. Qd5+ Kh8 31. Rh2 Rc5 32. Qxd4 Rd8 33. Qe3 Bh6 34. Ra1 Rdc8 35. a3 Rxc2 36. Rh3 bxa3 37. h5 g5 38. Qd4 gxf4 39. Qd6 Qg5+ 0-1

[Event "FIN-ch (Women)"]
[Site "Helsinki"]
[Date "2024.03.28"]
[Round "1"]
[White "Sippola, Sara Olivia"]
[Black "Methmali, Y."]
[Result "0-1"]
[WhiteElo "1888"]
[BlackElo "1845"]
[PlyCount "94"]
[EventDate "2024.03.28"]
[EventType "tourn"]
[EventRounds "7"]
[EventCountry "FIN"]
[SourceTitle "CB15_2024"]
[SourceDate "2024.04.10"]
[SourceVersion "1"]
[SourceVersionDate "2024.04.10"]
[SourceQuality "1"]

1. e4 d5 2. exd5 Qxd5 3. Nc3 Qd6 4. d4 Nf6 5. Nf3 a6 6. g3 b5 7. Bg2 Bb7 8. 0-0 e6 9. Bf4 Qb6 10. Re1 Bb4 11. Qd3 0-0 12. a3 Bd6 13. Bg5 Nbd7 14. Ne5 Bxg2 15. Kxg2 h6 16. Bf4 Rad8 17. Qf3 c5 18. Nc6 Bxf4 19. gxf4 Rde8 20. Rad1 cxd4 21. Nxd4 Rc8 22. Kh1 Rc4 23. Nde2 Rfc8 24. Ng3 Qc7 25. f5 Rf4 26. Qg2 exf5 27. Nd5 Nxd5 28. Rxd5 Qxc2 29. Nh5 Rg4 30. Qf3 Qc6 31. Rxf5 Qxf3+ 32. Rxf3 Ne5 33. Rfe3 f6 34. Ng3 Rc2 35. R3e2 Rgc4 36. Kg2 Nd3 37. Re8+ Kh7 38. R1e7 Rxf2+ 39. Kh3 Nf4+ 40. Kg4 Ng6+ 41. Re4 Rxe4+ 42. Nxe4 f5+ 43. Kg3 Rxb2 44. Nc5 f4+ 45. Kf3 Rxh2 46. Nxa6 Rh3+ 47. Kg4 Rxa3 0-1

[Event "Olympiad Women-41"]
[Site "Tromsoe"]
[Date "2014.08.04"]
[Round "3.3"]
[White "Methmali, Y."]
[Black "Sultana, Zakia"]
[Result "1-0"]
[WhiteElo "1727"]
[BlackElo "1964"]
[PlyCount "111"]
[EventDate "2014.08.02"]
[EventType "team-swiss"]
[EventRounds "11"]
[EventCountry "NOR"]
[SourceTitle "CBM 162"]
[Source "ChessBase"]
[SourceDate "2014.09.17"]
[SourceVersion "1"]
[SourceVersionDate "2014.09.17"]
[SourceQuality "1"]
[WhiteTeam "Sri Lanka (W)"]
[BlackTeam "Bangladesh (W)"]
[WhiteTeamCountry "SRI"]
[BlackTeamCountry "BAN"]

1. e4 e6 2. d4 d5 3. e5 c5 4. c3 Nc6 5. Nf3 Bd7 6. Bd3 Qb6 7. dxc5 Bxc5 8. 0-0 h6 9. Qe2 Qc7 10. b4 Be7 11. Bf4 a6 12. a4 g5 13. Bg3 h5 14. h4 gxh4 15. Nxh4 Bxh4 16. Bxh4 Qxe5 17. Qb2 Nce7 18. Qd2 Nh6 19. Re1 Qg7 20. Qg5 Qxg5 21. Bxg5 Nhf5 22. Nd2 Rg8 23. Nf3 Rc8 24. Bf6 Rg6 25. Bxe7 Nxe7 26. Bxg6 Nxg6 27. Re3 f6 28. Rd1 Kf7 29. a5 Ne7 30. Nh4 e5 31. g3 Be6 32. Rde1 Rc4 33. f4 e4 34. Rd1 f5 35. Kf2 Kf6 36. Rde1 Bf7 37. Nf3 Rc7 38. Nd4 Ng8 39. Ke2 Nh6 40. Kd2 Ng4 41. R3e2 Be8 42. Rh1 Bg6 43. Rb1 Be8 44. b5 axb5 45. Nxb5 Re7 46. Nd4 Bg6 47. Rb6+ Kf7 48. Ke1 e3 49. Reb2 Nf2 50. R2b5 Ne4 51. Rxb7 Nxg3 52. Rxe7+ Kxe7 53. a6 h4 54. Nf3 Be8 55. Rb7+ Kd6 56. a7 1-0

[Event "Olympiad Women-41"]
[Site "Tromsoe"]
[Date "2014.08.03"]
[Round "2.2"]
[White "Methmali, Y."]
[Black "Mbatha, Constance Chileshe"]
[Result "1/2-1/2"]
[WhiteElo "1727"]
[BlackElo "1677"]
[PlyCount "128"]
[EventDate "2014.08.02"]
[EventType "team-swiss"]
[EventRounds "11"]
[EventCountry "NOR"]
[SourceTitle "CBM 162"]
[Source "ChessBase"]
[SourceDate "2014.09.17"]
[SourceVersion "1"]
[SourceVersionDate "2014.09.17"]
[SourceQuality "1"]
[WhiteTeam "Sri Lanka (W)"]
[BlackTeam "Zambia (W)"]
[WhiteTeamCountry "SRI"]
[BlackTeamCountry "ZAM"]

1. e4 e5 2. Nf3 Nc6 3. Nc3 d6 4. Bb5 Bd7 5. 0-0 Nf6 6. d4 exd4 7. Nxd4 Nxd4 8. Bxd7+ Qxd7 9. Qxd4 Be7 10. Bf4 0-0 11. Rad1 Nh5 12. Bc1 b6 13. e5 g6 14. Nd5 Ng7 15. Nxe7+ Qxe7 16. exd6 cxd6 17. Qxd6 Qxd6 18. Rxd6 Rfd8 19. Rfd1 Ne6 20. g3 Kf8 21. b3 Ke8 22. c4 Rxd6 23. Rxd6 Ke7 24. Ba3 Ke8 25. Rd2 Rc8 26. Kg2 Rd8 27. Re2 Rd3 28. c5 Kd7 29. cxb6 axb6 30. Bb4 Kc6 31. Rd2 Rd4 32. a3 b5 33. Bc3 Rxd2 34. Bxd2 Kd5 35. Be3 f5 36. a4 bxa4 37. bxa4 Kc4 38. a5 Kb5 39. Bb6 Ng5 40. f3 Nf7 41. Kf2 Ne5 42. Ke3 Nc4+ 43. Kf4 Nd2 44. h4 h6 45. g4 fxg4 46. fxg4 Nc4 47. h5 gxh5 48. gxh5 Nd6 49. Ke5 Ne8 50. Kf5 Ng7+ 51. Kg6 Nxh5 52. Kxh5 Ka6 53. Kxh6 Kb7 54. Kg7 Ka6 55. Kf7 Kb7 56. Ke7 Ka6 57. Kd7 Kb7 58. Kd6 Kb8 59. Kc6 Ka8 60. Bd8 Ka7 61. Kc7 Ka8 62. Kb6 Kb8 63. Kc6 Ka7 64. Kc7 Ka8 1/2-1/2

[Event "SRI-ch (Women)"]
[Site "Colombo"]
[Date "2014.03.22"]
[Round "9"]
[White "Methmali, Y."]
[Black "Gunaratne, Manisha Suchini"]
[Result "1-0"]
[WhiteElo "1748"]
[BlackElo "1704"]
[PlyCount "77"]
[EventDate "2014.03.15"]
[EventType "tourn"]
[EventRounds "13"]
[EventCountry "SRI"]
[SourceTitle "CBM 159 Extra"]
[Source "ChessBase"]
[SourceDate "2014.04.24"]
[SourceVersion "1"]
[SourceVersionDate "2014.04.24"]
[SourceQuality "1"]

1. e4 g6 2. d4 Bg7 3. c3 d6 4. f4 Nf6 5. Bd3 0-0 6. Nf3 c5 7. 0-0 c4 8. Bc2 b5 9. e5 Ne8 10. Be4 d5 11. Bc2 f6 12. Qe1 Nc7 13. Qg3 fxe5 14. fxe5 Bf5 15. Na3 Nc6 16. Bd2 b4 17. Bxf5 Rxf5 18. Nc2 bxc3 19. bxc3 Qd7 20. Qh3 e6 21. Ng5 h6 22. Nf3 Ne7 23. g4 Rf7 24. Bxh6 Bxh6 25. Qxh6 Rh7 26. Qe3 Rf8 27. Rf2 Rhf7 28. Raf1 Qb5 29. Qh6 Rh7 30. Ng5 Rxf2 31. Qxh7+ Kf8 32. Rxf2+ Ke8 33. Qf7+ Kd7 34. h4 Qb1+ 35. Kg2 Qxa2 36. h5 gxh5 37. gxh5 Qb3 38. h6 Qxc3 39. h7 1-0

[Event "SRI-ch (Women)"]
[Site "Colombo"]
[Date "2014.03.15"]
[Round "2"]
[White "Methmali, Y."]
[Black "Chandrasiri, SAK"]
[Result "1-0"]
[WhiteElo "1748"]
[BlackElo "1756"]
[PlyCount "89"]
[EventDate "2014.03.15"]
[EventType "tourn"]
[EventRounds "13"]
[EventCountry "SRI"]
[SourceTitle "CBM 159 Extra"]
[Source "ChessBase"]
[SourceDate "2014.04.24"]
[SourceVersion "1"]
[SourceVersionDate "2014.04.24"]
[SourceQuality "1"]

1. e4 e5 2. Nf3 Nc6 3. Nc3 Nf6 4. Bb5 Bb4 5. 0-0 0-0 6. d3 Be7 7. Bxc6 bxc6 8. Nxe5 Bb7 9. Bd2 Re8 10. Nc4 Rb8 11. b3 Ba8 12. Ne3 Bc5 13. Na4 Bf8 14. Nf5 d5 15. f3 c5 16. Be3 d4 17. Bf2 Bc6 18. Nb2 Bd7 19. Ng3 Bd6 20. Nc4 Bf4 21. Ne2 Bh6 22. c3 dxc3 23. Nxc3 Qe7 24. Bh4 g5 25. Bg3 Be6 26. Ne5 Bd7 27. Nxd7 Qxd7 28. Qc2 Rbd8 29. Rad1 g4 30. Bh4 Be3+ 31. Kh1 Bd4 32. Ne2 Be5 33. f4 Bd4 34. Nxd4 Qxd4 35. Qc4 Kg7 36. e5 Nd5 37. Qxd4 cxd4 38. Bxd8 Ne3 39. Bf6+ Kg8 40. Rc1 Nxf1 41. Rxf1 Kf8 42. Rc1 Rc8 43. Kg1 Ke8 44. b4 Kd7 45. Rc4 1-0

[Event "SRI-chB (Women)"]
[Site "Colombo"]
[Date "2014.03.01"]
[Round "7"]
[White "Askey, Roshell Nathasha"]
[Black "Methmali, Y."]
[Result "0-1"]
[WhiteElo "1400"]
[BlackElo "1748"]
[PlyCount "74"]
[EventDate "2014.02.26"]
[EventType "swiss"]
[EventRounds "10"]
[EventCountry "SRI"]
[SourceTitle "CBM 159 Extra"]
[Source "ChessBase"]
[SourceDate "2014.04.24"]
[SourceVersion "1"]
[SourceVersionDate "2014.04.24"]
[SourceQuality "1"]

1. e4 c5 2. Nf3 Nc6 3. d4 cxd4 4. Nxd4 Nf6 5. Nc3 e5 6. Nb3 Bb4 7. Bd3 d5 8. exd5 Nxd5 9. Bd2 Nxc3 10. bxc3 Be7 11. 0-0 0-0 12. f4 Bf6 13. Kh1 g6 14. f5 Bg5 15. fxg6 hxg6 16. Qf3 Bxd2 17. Nxd2 f5 18. Nc4 Kg7 19. Qg3 e4 20. Be2 Qf6 21. Qe1 Ne5 22. Nd2 Qc6 23. Nb3 a6 24. Nd4 Qf6 25. Rd1 Nc6 26. Nb3 Qe5 27. g3 Be6 28. Kg1 Rh8 29. c4 Rh6 30. Rf2 Rah8 31. Rg2 f4 32. gxf4 Qxf4 33. Qf2 Qxf2+ 34. Rxf2 Bf5 35. Rg2 e3 36. Rc1 Be4 37. Rg3 Rxh2 0-1

[Event "Ambalangoda Dhamso op 2nd"]
[Site "Ambalangoda"]
[Date "2012.04.20"]
[Round "4"]
[White "Methmali, Y."]
[Black "Wimalasuriya, Kasun M"]
[Result "0-1"]
[WhiteElo "1798"]
[BlackElo "1604"]
[PlyCount "76"]
[EventDate "2012.04.19"]
[EventType "swiss"]
[EventRounds "9"]
[EventCountry "SRI"]
[SourceTitle "CBM 148 Extra"]
[Source "ChessBase"]
[SourceDate "2012.06.22"]
[SourceVersion "1"]
[SourceVersionDate "2012.06.22"]
[SourceQuality "1"]

1. e4 c5 2. Nc3 g6 3. g3 Bg7 4. Bg2 e6 5. d3 Ne7 6. Be3 d6 7. Nge2 Nbc6 8. d4 cxd4 9. Nxd4 d5 10. exd5 exd5 11. 0-0 0-0 12. Re1 Be6 13. Nxe6 fxe6 14. Bc5 Rf6 15. Bh3 Nf5 16. Bg2 Bf8 17. Bxf8 Qxf8 18. Ne2 g5 19. Qd2 Qg7 20. c3 Raf8 21. f4 g4 22. Nc1 h5 23. Nd3 h4 24. Qf2 Qh7 25. Nc5 Nd8 26. Re5 b6 27. Nxe6 Nxe6 28. Bxd5 hxg3 29. hxg3 Kf7 30. Rae1 Re8 31. Qe2 Qh3 32. Rxe6 Qxg3+ 33. Qg2 Qxg2+ 34. Kxg2 Rfxe6 35. Rf1 Kf6 36. Bxe6 Rxe6 37. Rf2 Kg6 38. Rd2 g3 0-1

[Event "SRI-ch (Women)"]
[Site "Colombo"]
[Date "2012.03.30"]
[Round "9"]
[White "Basnayake, IU."]
[Black "Methmali, Y."]
[Result "0-1"]
[WhiteElo "1799"]
[BlackElo "1798"]
[PlyCount "98"]
[EventDate "2012.03.23"]
[EventType "tourn"]
[EventRounds "11"]
[EventCountry "SRI"]
[SourceTitle "EXT 2013"]
[Source "ChessBase"]
[SourceDate "2012.11.22"]
[SourceVersion "1"]
[SourceVersionDate "2012.11.22"]
[SourceQuality "1"]

1. e4 d5 2. exd5 Qxd5 3. Nc3 Qd6 4. Nf3 Nf6 5. Bc4 a6 6. 0-0 b5 7. Bb3 c5 8. d3 e6 9. a4 b4 10. Ne4 Nxe4 11. dxe4 Qxd1 12. Rxd1 Bb7 13. Re1 Nc6 14. Bf4 Na5 15. Ba2 Rc8 16. b3 Be7 17. Rad1 Bc6 18. Ne5 f6 19. Nxc6 Nxc6 20. Rd3 Kf7 21. c3 c4 22. bxc4 bxc3 23. Rd7 Rhd8 24. Rxd8 Rxd8 25. Kf1 Nb4 26. Bb3 Nd3 27. Bc7 Rc8 28. Rd1 Nc5 29. Ba5 Nxb3 30. Bxc3 Rxc4 31. Be1 Rxe4 32. Rb1 Nc5 33. a5 Nd3 34. Bd2 Bb4 35. f3 Rc4 36. Ke2 Nf4+ 37. Bxf4 Rxf4 38. Ke3 Rh4 39. g3 Bc5+ 40. Kd3 Rxh2 41. Rb7+ Kg6 42. Kc4 Bd6 43. Rb6 Bxg3 44. Rxe6 Rh5 45. Rxa6 Be1 46. Re6 Bxa5 47. Kd3 Rf5 48. Ke4 Re5+ 49. Rxe5 fxe5 0-1

[Event "SRI-ch (Women)"]
[Site "Colombo"]
[Date "2012.03.29"]
[Round "7"]
[White "Methmali, Y."]
[Black "Ranasinghe, Sachini D"]
[Result "1/2-1/2"]
[WhiteElo "1798"]
[BlackElo "1914"]
[PlyCount "29"]
[EventDate "2012.03.23"]
[EventType "tourn"]
[EventRounds "11"]
[EventCountry "SRI"]
[SourceTitle "EXT 2013"]
[Source "ChessBase"]
[SourceDate "2012.11.22"]
[SourceVersion "1"]
[SourceVersionDate "2012.11.22"]
[SourceQuality "1"]

1. e4 a6 2. Nc3 c5 3. g3 b5 4. Bg2 Bb7 5. d3 e6 6. Nh3 g6 7. Be3 d6 8. 0-0 Bg7 9. d4 Nd7 10. Qd2 Ne7 11. dxc5 dxc5 12. Rad1 Qc7 13. Bh6 0-0 14. Bxg7 Kxg7 15. Qf4 1/2-1/2

[Event "SRI-ch (Women)"]
[Site "Colombo"]
[Date "2012.03.25"]
[Round "6"]
[White "Kahanda, IDS"]
[Black "Methmali, Y."]
[Result "0-1"]
[WhiteElo "1632"]
[BlackElo "1798"]
[PlyCount "74"]
[EventDate "2012.03.23"]
[EventType "tourn"]
[EventRounds "11"]
[EventCountry "SRI"]
[SourceTitle "EXT 2013"]
[Source "ChessBase"]
[SourceDate "2012.11.22"]
[SourceVersion "1"]
[SourceVersionDate "2012.11.22"]
[SourceQuality "1"]

1. d4 Nf6 2. c4 c5 3. d5 b5 4. cxb5 a6 5. bxa6 Bxa6 6. g3 d6 7. Bg2 g6 8. Nf3 Bg7 9. Nc3 0-0 10. 0-0 Nbd7 11. Re1 c4 12. Nd4 Nc5 13. Nc6 Qc7 14. Bd2 Bb7 15. Qc2 e6 16. e4 Bxc6 17. dxc6 Nd3 18. Red1 Rfb8 19. b3 Ng4 20. Be3 Nxe3 21. fxe3 Nb4 22. Qd2 cxb3 23. axb3 Rxa1 24. Rxa1 Nxc6 25. Ra3 Nb4 26. Ne2 Be5 27. Nd4 Qc5 28. Ra1 Rc8 29. Kf2 Nc6 30. Qa2 Bxd4 31. exd4 Qxd4+ 32. Kf1 Nb4 33. Qb1 Rc2 34. Ra8+ Kg7 35. Qa1 Qxa1+ 36. Rxa1 Rb2 37. Rd1 Nc2 0-1

[Event "SRI-ch (Women)"]
[Site "Colombo"]
[Date "2012.03.25"]
[Round "5"]
[White "Methmali, Y."]
[Black "Jayathilake, Mihirani"]
[Result "0-1"]
[WhiteElo "1798"]
[BlackElo "1698"]
[PlyCount "120"]
[EventDate "2012.03.23"]
[EventType "tourn"]
[EventRounds "11"]
[EventCountry "SRI"]
[SourceTitle "EXT 2013"]
[Source "ChessBase"]
[SourceDate "2012.11.22"]
[SourceVersion "1"]
[SourceVersionDate "2012.11.22"]
[SourceQuality "1"]

1. e4 e5 2. Nf3 Nc6 3. d4 exd4 4. Nxd4 Bc5 5. Be3 Qf6 6. c3 d6 7. Be2 Qg6 8. Bf3 Nf6 9. Nxc6 Bxe3 10. fxe3 bxc6 11. e5 Nd5 12. Bxd5 cxd5 13. Qxd5 0-0 14. exd6 cxd6 15. 0-0 Rb8 16. Qd2 Re8 17. Rf3 Rb5 18. Na3 Rg5 19. g3 Bb7 20. Rf2 Qe4 21. Rg2 Qxg2+ 22. Qxg2 Bxg2 23. Kxg2 Rxe3 24. Nc4 Rd3 25. Re1 Kf8 26. Re2 Rg6 27. a3 Re6 28. Rf2 d5 29. Na5 Rde3 30. Nb3 Re2 31. Nd4 Rxf2+ 32. Kxf2 Rb6 33. b3 Ke7 34. Ke3 g6 35. a4 a6 36. b4 Kd7 37. Nf3 f6 38. Nd4 Rb8 39. b5 axb5 40. axb5 Kd6 41. g4 Kc5 42. Kd3 Re8 43. h3 Re1 44. h4 Rg1 45. g5 Rg3+ 46. Kc2 f5 47. Kb3 Rg4 48. h5 Rxd4 49. cxd4+ Kxb5 50. hxg6 hxg6 51. Kc3 f4 52. Kd3 Kb4 53. Ke2 Kc4 54. Kf3 Kxd4 55. Kxf4 Kc3 56. Ke5 d4 57. Kf6 d3 58. Kxg6 d2 59. Kf7 d1Q 60. g6 Qd7+ 0-1

[Event "Asia Classical (Women) 15th"]
[Site "Doha"]
[Date "2006.12.14"]
[Round "9"]
[White "Nakagawa, Emiko"]
[Black "Methmali, Y."]
[Result "0-1"]
[WhiteElo "1933"]
[BlackElo "1895"]
[PlyCount "74"]
[EventDate "2006.12.06"]
[EventType "swiss"]
[EventRounds "9"]
[EventCountry "QAT"]
[SourceTitle "CBM 115 Extra"]
[Source "ChessBase"]
[SourceDate "2007.01.10"]
[SourceVersion "1"]
[SourceVersionDate "2007.01.10"]
[SourceQuality "1"]

1. d4 Nf6 2. Nf3 e6 3. g3 c5 4. e3 b6 5. Bg2 Bb7 6. 0-0 Nc6 7. Nbd2 g6 8. b3 Bg7 9. Bb2 0-0 10. c4 Qc7 11. a3 Rfd8 12. Qc2 cxd4 13. exd4 Rac8 14. Rac1 Ne7 15. Qb1 Qb8 16. b4 d5 17. c5 Ne4 18. Rcd1 Ba6 19. Rfe1 bxc5 20. Nxe4 dxe4 21. Rxe4 cxb4 22. Re3 Nd5 23. Ree1 Nc3 24. Bxc3 bxc3 25. Qxb8 Rxb8 26. Rc1 Rbc8 27. Bf1 Bb7 28. Bg2 Bh6 29. Rc2 Bd5 30. Ne5 Bb3 31. Be4 Bxc2 32. Bxc2 Rxd4 33. Nf3 Rd2 34. Nxd2 cxd2 35. Rd1 Rxc2 36. Kf1 Rc1 37. Ke2 e5 0-1

[Event "Asia rap (Women) 15th"]
[Site "Doha"]
[Date "2006.12.02"]
[Round "3"]
[White "Methmali, Y."]
[Black "Aketayeva, Dana"]
[Result "0-1"]
[WhiteElo "1895"]
[BlackElo "2312"]
[PlyCount "40"]
[EventDate "2006.12.02"]
[EventType "swiss (rapid)"]
[EventRounds "9"]
[EventCountry "QAT"]
[SourceTitle "CBM 115 Extra"]
[Source "ChessBase"]
[SourceDate "2007.01.10"]
[SourceVersion "1"]
[SourceVersionDate "2007.01.10"]
[SourceQuality "1"]

1. e4 e5 2. Nf3 Nc6 3. Bc4 Be7 4. c3 Nf6 5. 0-0 Nxe4 6. Re1 d5 7. Bb5 Bg4 8. d3 Nd6 9. Bxc6+ bxc6 10. Qa4 e4 11. dxe4 dxe4 12. Ne5 Bd7 13. Nxc6 0-0 14. Nxe7+ Qxe7 15. Qc2 Qe5 16. f3 Bc6 17. fxe4 Nxe4 18. Na3 Rae8 19. Be3 Re6 20. Rad1 Rg6 0-1

[Event "Olympiad Women-37"]
[Site "Turin"]
[Date "2006.06.04"]
[Round "13"]
[White "Methmali, Y."]
[Black "Cast, Abigail"]
[Result "1/2-1/2"]
[WhiteElo "1872"]
[BlackElo "2116"]
[PlyCount "43"]
[EventDate "2006.05.21"]
[EventType "team-swiss"]
[EventRounds "13"]
[EventCountry "ITA"]
[SourceTitle "CBM 112 Extra"]
[Source "ChessBase"]
[SourceDate "2006.07.14"]
[SourceVersion "1"]
[SourceVersionDate "2006.07.14"]
[SourceQuality "1"]
[WhiteTeam "Sri Lanka (W)"]
[BlackTeam "Wales (W)"]
[WhiteTeamCountry "SRI"]
[BlackTeamCountry "WLS"]

1. e4 e6 2. d4 d5 3. Nd2 Nf6 4. e5 Nfd7 5. Bd3 c5 6. c3 Nc6 7. Ne2 Qb6 8. Nf3 cxd4 9. cxd4 f6 10. exf6 Nxf6 11. 0-0 Bd6 12. Re1 0-0 13. Nc3 Bd7 14. Nb5 Bb4 15. Bd2 a6 16. Bxb4 Nxb4 17. Nc3 Nxd3 18. Qxd3 Rac8 19. Qd2 Rc7 20. Ne5 Be8 21. Rac1 Qd6 22. Re3 1/2-1/2

[Event "Olympiad Women-37"]
[Site "Turin"]
[Date "2006.05.30"]
[Round "9"]
[White "Milligan, Helen"]
[Black "Methmali, Y."]
[Result "1/2-1/2"]
[WhiteElo "2053"]
[BlackElo "1872"]
[PlyCount "125"]
[EventDate "2006.05.21"]
[EventType "team-swiss"]
[EventRounds "13"]
[EventCountry "ITA"]
[SourceTitle "CBM 112 Extra"]
[Source "ChessBase"]
[SourceDate "2006.07.14"]
[SourceVersion "1"]
[SourceVersionDate "2006.07.14"]
[SourceQuality "1"]
[WhiteTeam "Scotland (W)"]
[BlackTeam "Sri Lanka (W)"]
[WhiteTeamCountry "SCO"]
[BlackTeamCountry "SRI"]

1. e4 c5 2. Nf3 e6 3. d4 cxd4 4. Nxd4 Nf6 5. Bd3 a6 6. 0-0 d6 7. c4 Be7 8. Nc3 Nbd7 9. Kh1 Qc7 10. Be3 Ne5 11. Qe2 Nxd3 12. Qxd3 Ng4 13. f4 Nxe3 14. Qxe3 b6 15. Rac1 Bb7 16. b3 h6 17. Qd3 Rc8 18. Nce2 Ba8 19. Nf3 Qb7 20. Nc3 0-0 21. f5 Qd7 22. Rcd1 Bf6 23. Na4 Qa7 24. fxe6 fxe6 25. Qxd6 Rc6 26. Qd3 Rd8 27. Qe3 Qc7 28. Qe2 b5 29. Rxd8+ Bxd8 30. cxb5 Rc2 31. Qd3 axb5 32. Qxb5 Bc6 33. Qd3 Bxa4 34. bxa4 Rxa2 35. Qb3 Qc2 36. Qxe6+ Kh7 37. Qf5+ Kg8 38. Ne1 Qc4 39. Qf8+ Kh7 40. Qf5+ Kg8 41. e5 Rxa4 42. Nd3 Qe4 43. Qxe4 Rxe4 44. g3 Bc7 45. Kg2 Re3 46. Rf3 Re4 47. Rf4 Re2+ 48. Kf3 Rxh2 49. Re4 Rh5 50. e6 Kf8 51. Nf4 Rf5 52. Kg4 Rg5+ 53. Kf3 Bxf4 54. gxf4 Rf5 55. Kg4 g6 56. e7+ Ke8 57. Re6 h5+ 58. Kg3 Rf7 59. Rxg6 Kxe7 60. Rg5 Rh7 61. Kh4 Kf6 62. Ra5 Rh8 63. Rxh5 1/2-1/2